000 00642nam a2200229Ia 4500
003 OSt
005 20220926013324.0
006 a|||||r|||| 00| 0
007 ta
008 220923b |||||||| |||| 00| 0 eng d
037 _cGeneral Book
040 _aRTL
_cRTL
_beng
041 _2eng
_aeng
082 _aYb4, M3
100 _aSanders William B
_9318109
245 0 _aConduct of social research.
260 _aNew York
_bHolt Rinehart & Winston
_c1983
300 _axx,439p
_ccm.
700 _a Pinhey Thomas K
_9318110
942 _hYb4, M3
_cGB
_2CC
999 _c625712
_d625712